Responses for Show #185 - Friday, May 24, 1985

Nathan Walpow game 1.

Contestants

[<< previous game]

Rick Pisarra, an attorney from Los Angeles, California

Nathan Walpow, a data processor originally from Queens, New York

Bill Fox, a restaurant manager originally from Lake Bluff, Illinois (whose 1-day cash winnings total $1,200)

[next game >>]

Jeopardy! Round responses

THE '70s
KIDDIE LIT
ROBERT REDFORD
THE ALPHABET
SWEET SONGS
"DO"s & "DON'T"s
    $100 4
Jesus Christ Superstar

Nathan
    $100 10
Becky Thatcher

Bill
    $100 7
The Way We Were

Bill
    $100 15
(Nathan: What are D and P?)
(Bill: What are mind your [*]?)

Ps & Qs

BillNathan
    $100 17
(Rick: [No response])

"The Candy Man"

NathanRick
    $100 1
"I do"

Bill
    $200 5
[NOTE: Alex did not specify the other correct response.]

resign the Vice-Presidency (or pleaded no contest for tax evasion)

Rick
    $200 11
Boy's Life

Rick
    $200 8
Sundance

Bill
    $200 16
(Rick: What are Y & U?)

Y & W

NathanRick
    $200 18
"The Banana Boat Song"

Bill
    $200 2
"Don't leave home without it!"

Rick
    $300 13
Boris Spassky

Rick
    $300 20
a mouse

Rick
    $300 9
(Rick: What was Butch Cassidy and the Sundance Kid?)

The Great Gatsby (or Inside Daisy Clover)

BillRick
    $800 24
VIIII & IX

Nathan
    $300 19
"Sugartime"

Nathan
    $300 3
Don't Look Back

Nathan
    $400 14
(Rick: That's my dream girl. Who is Christie Brinkley?)
...
(Alex: '71 is a little bit before Christie Brinkley.)

Cheryl Tiegs

NathanRick
    $400 21
Thumbelina

Rick
    $400 23
conservation

Nathan
    $400 25
F

Nathan
    $400 6
"Ask not what your country can do for you, ask what you can do for your country"

Nathan
    $500 22
(Rick: Who is Brother John?)
...
(Alex: We've got less than a minute to go in the round.)

Horatio Alger

BillRick
    $500 26
(Rick: What are Us, I don't know.)
[The end-of-round signal sounds.]

capital letters

Rick
Triple Stumper
    $500 12
(Nathan: What is "Do You Love Me"?)

"Anything You Can Do, I Can Do Better"

Nathan
Triple Stumper

Scores at the first commercial break (after clue 13):

Bill Nathan Rick
$800 $300 $600

Scores at the end of the Jeopardy! Round:

Bill Nathan Rick
$1,600 $2,800 -$400

Double Jeopardy! Round responses

ANCIENT HISTORY
ANIMALS
U.S. MAYORS
SOVIET UNION
WEAPONS
FLOWERS
    $200 21
Troy

Rick
    $200 6
horns

Rick
    $200 5
Dianne Feinstein

Nathan
    $200 16
Andrei Gromyko

Nathan
    $200 1
(Bill: What is a butcher knife?)

a carving knife

BillNathan
    $200 2
(Bill: What is a sunflower?)

bird of paradise

BillNathan
    $400 22
a sarcophagus

Rick
    $400 9
a lizard

Rick
    $400 8
Pete Wilson

Nathan
    $400 17
the serfs

Bill
    $400 7
a bomb

Bill
    $400 3
violets

Nathan
    $600 23
Alexandria

Bill
    $600 13
a llama

Rick
    $600 18
(Jane) Byrne

Bill
    $1,000 26
"Those Were The Days"

Bill
    $600 10
a boomerang

Rick
    $600 4
a pansy

Bill
    $800 24
(Rick: What was Greece?)
(Bill: What is ancient China?)

the Persian Empire

BillRick
Triple Stumper
    $800 14
(Bill: What are monkeys?)
(Rick: What are deer, or [*]?)

antelopes

BillRick
    $800 19
Frank Rizzo

Triple Stumper
    $800 27
Stalin's daughter (Svetlana)

Nathan
    $800 11
a bola

Rick
    $800 28
a carnation

Bill
    $1000 25
(Rick: Who are the Carthaginians?)
...
(Alex: Less than a minute to go.)

the Phoenicians

Rick
Triple Stumper
    $1000 15
porpoises (dolphins)

Nathan
    $1000 20
(Bill: Who is Mayor Hatch?)

Richard Hatcher

BillNathan
    $1,600 12
(Rick: What are a knife and a pair of scissors?)
(Alex: Oh, sorry. You got the [**] correctly, but the [*] was the other one. [*]. The man tried to strangle her. She stabbed him with the [**].)

the stocking & scissors

Rick
    $1000 29
(Bill: What is a dandelion?)
[The end-of-round signal sounds.]

a buttercup

Bill
Triple Stumper

Scores at the end of the Double Jeopardy! Round:

Bill Nathan Rick
$2,000 $7,200 $200
(lock game)

[wagering suggestions for these scores]

Final Jeopardy! Round responses

ISLANDS
RickWhat are Corsica and Sicily?
$100
BillWhat are Elba + Saint Helena
$1,998
NathanWhat are St. Helena + Corsica?
$3,000
(2 of) Corsica, Elba and St. Helena

Final scores:

Bill Nathan Rick
$3,998 $10,200 $100
2nd place: Speed Queen washer & dryer + LouverDrape vertical blinds New champion: $10,200 3rd place: Vitamaster his & hers exercise bikes

Game dynamics:

Coryat scores:

Bill Nathan Rick
$1,600 $6,700 $1,800
15 R
(including 1 DD),
6 W
19 R
(including 1 DD),
2 W
14 R,
9 W
(including 1 DD)

Combined Coryat: $10,100

[game clues] [game scores] [suggest correction]

Game tape date: 1985-01-23
The J! Archive is created by fans, for fans. Scraping, republication, monetization, and malicious use prohibited; this site may use cookies and collect identifying information. See terms. The Jeopardy! game show and all elements thereof, including but not limited to copyright and trademark thereto, are the property of Jeopardy Productions, Inc. and are protected under law. This website is not affiliated with, sponsored by, or operated by Jeopardy Productions, Inc. Join the discussion at JBoard.tv.